Dan brown books Quiz Stats

Quiz not verified by Sporcle

Challenge
Share
Tweet
Embed
Score 0/5 Timer 02:00
0 Plays Today
description % Correct
an ancient assassination cultAngels and Demons
97.1%
the holy grailThe Da Vinci Code
97.1%
washington dcLost Symbol
79.4%
an amazing codeDigital Fortress
73.5%
astronomical discoveryDeception Point
70.6%

You're not logged in!

Compare scores with friends on all Sporcle quizzes.
Sign Up with Email
OR
Log In

You Might Also Like...

Show Comments

Extras

Top Quizzes Today


Score Distribution

Your Account Isn't Verified!

In order to create a playlist on Sporcle, you need to verify the email address you used during registration. Go to your Sporcle Settings to finish the process.